Histoire littéraire du XIXe siècle (notice n° 1925179)
[ vue normale ]
| 000 -LEADER | |
|---|---|
| fixed length control field | 01148cam a2200133 4500500 |
| 005 - DATE AND TIME OF LATEST TRANSACTION | |
| control field | 20260329023150.0 |
| 041 ## - LANGUAGE CODE | |
| Language code of text/sound track or separate title | fre |
| 042 ## - AUTHENTICATION CODE | |
| Authentication code | dc |
| 100 10 - MAIN ENTRY--PERSONAL NAME | |
| Personal name | Foglia, Aurélie |
| Relator term | author |
| 245 00 - TITLE STATEMENT | |
| Title | Histoire littéraire du XIXe siècle |
| 260 ## - PUBLICATION, DISTRIBUTION, ETC. | |
| Name of publisher, distributor, etc. | Armand Colin,<br/> |
| Date of publication, distribution, etc. | 2014.<br/> |
| 520 ## - SUMMARY, ETC. | |
| Summary, etc. | Résumer sans caricatures l’histoire de la littérature du XIXe siècle, dégager des lignes de force, historiques et théoriques, tels sont les objectifs de cet ouvrage de synthèse qui embrasse un siècle riche et protéiforme. Si l’auteur nous en offre une vision synthétique, c’est pour mieux suivre l’évolution des formes, et l’interaction entre Histoire et littérature. Ce volume n’a pas de vocation polémique, même s’il pointe, à l’occasion, des querelles et des débats cruciaux : il se veut bien davantage l’exposition des évolutions qui marquent en littérature l’émergence de la modernité. Une initiation donc indispensable aux problématiques principales de la littérature au XIXe siècle. |
| 856 41 - ELECTRONIC LOCATION AND ACCESS | |
| Uniform Resource Identifier | <a href="https://shs.cairn.info/histoire-litteraire-du-xixe-siecle--9782200291259?lang=fr&redirect-ssocas=7080">https://shs.cairn.info/histoire-litteraire-du-xixe-siecle--9782200291259?lang=fr&redirect-ssocas=7080</a> |
Pas d'exemplaire disponible.




Réseaux sociaux